Social entrepreneurship :New Models of sustainable social change (Record no. 2032)

000 -LEADER
fixed length control field 01240cam a2200373 a 4500
001 - CONTROL NUMBER
control field 16788202
003 - CONTROL NUMBER IDENTIFIER
control field OSt
005 - DATE AND TIME OF LATEST TRANSACTION
control field 20160203100912.0
008 - FIXED-LENGTH DATA ELEMENTS--GENERAL INFORMATION
fixed length control field 110520s2010 enka b 001 0 eng d
010 ## - LIBRARY OF CONGRESS CONTROL NUMBER
LC control number 2011286239
015 ## - NATIONAL BIBLIOGRAPHY NUMBER
National bibliography number GBB040250
Source bnb
016 7# - NATIONAL BIBLIOGRAPHIC AGENCY CONTROL NUMBER
Record control number 015511727
Source Uk
020 ## - INTERNATIONAL STANDARD BOOK NUMBER
International Standard Book Number 9781847422965 (cased)
020 ## - INTERNATIONAL STANDARD BOOK NUMBER
International Standard Book Number 1847422969 (cased)
020 ## - INTERNATIONAL STANDARD BOOK NUMBER
International Standard Book Number 9781847422897 (pbk.)
020 ## - INTERNATIONAL STANDARD BOOK NUMBER
International Standard Book Number 1847422896 (pbk.)
035 ## - SYSTEM CONTROL NUMBER
System control number (OCoLC)ocn401141669
040 ## - CATALOGING SOURCE
Original cataloging agency UKM
Transcribing agency UKM
Modifying agency BTCTA
-- YDXCP
-- BWK
-- CDX
-- C#P
-- BWX
-- INU
-- LML
-- OCLCA
-- DLC
042 ## - AUTHENTICATION CODE
Authentication code ukblcatcopy
-- lccopycat
043 ## - GEOGRAPHIC AREA CODE
Geographic area code e-uk---
050 00 - LIBRARY OF CONGRESS CALL NUMBER
Classification number HD60.S586 2013
082 04 - DEWEY DECIMAL CLASSIFICATION NUMBER
Classification number 361.00684
Edition number 22
245 00 - TITLE STATEMENT
Title Social entrepreneurship :New Models of sustainable social change
Remainder of title
Statement of responsibility, etc edited by Alex Nichols
260 ## - PUBLICATION, DISTRIBUTION, ETC. (IMPRINT)
Place of publication, distribution, etc Oxford
Name of publisher, distributor, etc Oxford Uiversity Press,
Date of publication, distribution, etc c2013.
300 ## - PHYSICAL DESCRIPTION
Extent v, 448 p. :
Other physical details ill. ;
Dimensions 25 cm.
504 ## - BIBLIOGRAPHY, ETC. NOTE
Bibliography, etc Includes bibliographical references and index.
650 #0 - SUBJECT ADDED ENTRY--TOPICAL TERM
Topical term or geographic name as entry element Social entrepreneurship
Geographic subdivision Great Britain.
650 #0 - SUBJECT ADDED ENTRY--TOPICAL TERM
Topical term or geographic name as entry element Social service
Geographic subdivision Great Britain.
700 1# - ADDED ENTRY--PERSONAL NAME
Personal name Gunn, Robert,
Dates associated with a name 1956-
700 1# - ADDED ENTRY--PERSONAL NAME
Personal name Durkin, Chris.
906 ## - LOCAL DATA ELEMENT F, LDF (RLIN)
a 7
b cbc
c copycat
d 2
e ncip
f 20
g y-gencatlg
942 ## - ADDED ENTRY ELEMENTS (KOHA)
Source of classification or shelving scheme
Koha item type Book
Holdings
Withdrawn status Lost status Source of classification or shelving scheme Damaged status Not for loan Home library Current library Shelving location Date acquired Total Checkouts Full call number Barcode Date last seen Copy number Price effective from Koha item type Date checked out
          Riara University Library Riara University Library General stack 03/02/2016   HD60.S586 2013 6802/16 04/02/2016 C.1 03/02/2016 Book  
          Riara University Library Riara University Library General stack 03/02/2016 4 HD60.S586 2013 6803/16 01/08/2016 C.2 03/02/2016 Book 12/07/2016
          Riara University Library Riara University Library General stack 03/02/2016 2 HD60.S586 2013 6804/16 03/08/2016 C.3 03/02/2016 Book 08/06/2016

Riara University Library,
P.O. Box 49940-00100,
Nairobi, Kenya.